czy potrafisz wymienić stolicę każdego stanu USA - Statystyki

Ogólne statystyki
  • Ten quiz został rozwiązany 8 razy
  • Średni wynik to 1 z 50
Odpowiedzi na mapie
Odpowiedzi zakodowano w zielono-czerwonej skali na mapie do tego quizu, zgodnie z poniższymi procentami.
 
Statystyki odpowiedzi
Odpowiedź % Poprawnych
Annapolis
33%
Denver
17%
Nashville
17%
Pierre
17%
Richmond
17%
Santa Fe
17%
Albany
0%
Atlanta
0%
Augusta
0%
Austin
0%
Baton Rouge
0%
Bismarck
0%
Boise
0%
Boston
0%
Carson City
0%
Charleston
0%
Cheyenne
0%
Columbia
0%
Columbus
0%
Concord
0%
Des Moines
0%
Dover
0%
Frankfort
0%
Harrisburg
0%
Hartford
0%
Helena
0%
Honolulu
0%
Indianapolis
0%
Jackson
0%
Jefferson City
0%
Juneau
0%
Lansing
0%
Lincoln
0%
Little Rock
0%
Madison
0%
Montgomery
0%
Montpelier
0%
Oklahoma City
0%
Olympia
0%
Phoenix
0%
Providence
0%
Raleigh
0%
Sacramento
0%
Saint Paul
0%
Salem
0%
Salt Lake City
0%
Springfield
0%
Tallahassee
0%
Topeka
0%
Trenton
0%
Nie znaleziono quizów pasujących do podanych kryteriów
Rozkład punktacji
Procent ludzi z każdym wynikiem
Percentyl według liczby udzielonych odpowiedzi
Twoja historia wyników
Nie rozwiązałeś tego quizu